| 000 | 00975cam a22002651 4500 | ||
|---|---|---|---|
| 001 | B-264921-926 | ||
| 003 | 0 | ||
| 005 | 20180905125521.0 | ||
| 008 | 790713s1959 nyua j 000 1 eng | ||
| 010 | _aB-264921-926 | ||
| 020 |
_a0448089025 _c135.00 |
||
| 035 | _aB-264921-926 ,A-796430 | ||
| 040 |
_aDPL _bEN _c0 |
||
| 082 | _aS | ||
| 100 | _aDixon, Franklin W. | ||
| 245 |
_aThe house on the cliff / _cby Franklin W. Dixon |
||
| 260 |
_aNew York, _bGrosset & Dunlap _c2004 |
||
| 300 |
_a180 p. _bill. _c20 cm (Hb) |
||
| 490 | _aThe Hardy boys mystery stories 2 | ||
| 520 | _aTeenage detectives Frank and Joe Hardy investigate a supposedly haunted house reported to be the hangout of criminals. | ||
| 650 | _aMystery and detective stories. | ||
| 942 |
_2ddc _cCH _hS _mDIX |
||
| 999 |
_c14596 _d14596 |
||